000
00283nam a22001217a 4500
020
_a
0-8094-7562-6
082
_a
044 UND'T
100
_a
TIME LIFE
_9
57070
245
_a
UMDERSTANDING COMPUTERS INPUT OUTPUT
260
_a
VIRGINIA
_b
TIME LIFE
_c
1980
300
_a
128P
942
_c
BK
999
_c
567376
_d
567376